|
|
|
|
| LEADER |
00984nam a22002297a 4500 |
| 008 |
140113b xxu||||| |||| 00| 0 eng d |
| 999 |
|
|
|c 26013
|d 26013
|
| 020 |
|
|
|a 9789385045776
|
| 082 |
|
|
|a 954.83 NAM
|
| 100 |
|
|
|a നമ്പൂതിരിപ്പാട്, ഇ. എം. എസ്.
|
| 240 |
|
|
|a Keralam :
|h Malayalikalute mathrubhumi
|
| 245 |
|
|
|a കേരളം :
|b മലയാളികളുടെ മാതൃഭൂമി /
|c ഇ. എം. എസ്. നമ്പൂതിരിപ്പാട്
|
| 250 |
|
|
|a 11th ed.
|
| 260 |
|
|
|a തിരുവനന്തപുരം :
|c 2018.
|b ചിന്ത പബ്ലിഷേഴ്സ്,
|
| 300 |
|
|
|a 352p.
|
| 650 |
|
|
|a History
|
| 650 |
|
|
|a Culture
|
| 650 |
|
|
|a Communism
|
| 650 |
|
|
|a Marxism
|
| 700 |
|
|
|a Nambothirppad, E. M. S.
|
| 942 |
|
|
|2 ddc
|c BK
|
| 952 |
|
|
|0 0
|1 0
|2 ddc
|4 0
|6 954_830000000000000_NAM
|7 0
|9 35607
|a MAIN
|b MAIN
|d 2019-03-12
|e Prabhath Book House
|g 330.00
|l 4
|m 2
|o 954.83 NAM
|p 34374
|r 2019-12-09
|s 2019-11-26
|t 1
|w 2019-03-12
|y BK
|